000 00986nam a22003257a 4500
001 BR7305818
003 BR-BrBNA
005 20230928084119.0
007 ta
008 230509b bl.||||| |||| 00| 0 por d
040 _aBR-BrBNA
_bpor
_cBiblioteca Nacional de Agricultura
041 _a(Eng, Spa, Por)
072 _aF70
_b3200
090 _ 3200 BR7305818
100 1 _aAbreu, C.L.B. de
100 1 _aSilva, N.M.F. da
100 1 _aFevereiro, P.C.A.
100 1 _aPeixoto, A.L.
110 1 _aJardim Botanico do Rio de Janeiro, RJ (Brasil). Secao de Botanica Sistematica
_96638
245 1 _aBibliografia de botanica. 2. Taxonomia de Angiospermae Dicotyledoneae
260 3 _aRio de Janeiro, RJ (Brasil):
_c1975.
300 _a60 p.
500 _aReprint of: "Rodriguesia" v. 28(40)1975/1976
650 _aTaxonomia vegetal
650 _aArvore angiosperma
650 _aBotanica
650 _aBibliografia
909 _a202309
_bLucia
_c55
_dLucia Elande
942 _cBK
999 _c16948
_d16948